[Event "Gatwick e2e4 int op-B"]
[Site "Gatwick"]
[Date "2011.10.30"]
[Round "9"]
[White "Poppe, Christian"]
[Black "Gaudernack, Henrik Egeland"]
[Result "1/2-1/2"]
[WhiteElo "1267"]
[BlackElo "1260"]
[PlyCount "21"]
[EventDate "2011.10.26"]
[EventType "swiss"]
[EventRounds "9"]
[EventCountry "ENG"]
[SourceTitle "EXT 2014"]
[Source "ChessBase"]
[SourceDate "2013.11.20"]
[SourceVersion "1"]
[SourceVersionDate "2013.11.20"]
[SourceQuality "1"]

1. e4 e5 2. f4 Bc5 3. Nf3 Nc6 4. Bc4 d6 5. Nc3 Nf6 6. Na4 Bb6 7. Nxb6 axb6 8. d3 0-0 9. f5 d5 10. exd5 Nxd5 11. 0-0 1/2-1/2

[Event "Gatwick e2e4 int op-B"]
[Site "Gatwick"]
[Date "2011.10.29"]
[Round "7"]
[White "Poppe, Christian"]
[Black "Mavinkurve, Anuj"]
[Result "0-1"]
[WhiteElo "1267"]
[BlackElo "1705"]
[PlyCount "36"]
[EventDate "2011.10.26"]
[EventType "swiss"]
[EventRounds "9"]
[EventCountry "ENG"]
[SourceTitle "EXT 2014"]
[Source "ChessBase"]
[SourceDate "2013.11.20"]
[SourceVersion "1"]
[SourceVersionDate "2013.11.20"]
[SourceQuality "1"]

1. e4 e5 2. f4 exf4 3. Nf3 d5 4. exd5 Qxd5 5. Nc3 Qe6+ 6. Qe2 Bd6 7. d4 Nf6 8. Nb5 0-0 9. Nxd6 Qxd6 10. Qd2 Re8+ 11. Be2 Qe7 12. Qd3 Bf5 13. Qc4 Nc6 14. Ne5 Nxe5 15. dxe5 Qxe5 16. Bxf4 Qxb2 17. 0-0 Qxc2 18. Bxc7 Rxe2 0-1

[Event "Gatwick e2e4 int op-B"]
[Site "Gatwick"]
[Date "2011.10.26"]
[Round "1"]
[White "Poppe, Christian"]
[Black "Clayton, Tristan"]
[Result "1-0"]
[WhiteElo "1267"]
[BlackElo "1822"]
[PlyCount "113"]
[EventDate "2011.10.26"]
[EventType "swiss"]
[EventRounds "9"]
[EventCountry "ENG"]
[SourceTitle "EXT 2014"]
[Source "ChessBase"]
[SourceDate "2013.11.20"]
[SourceVersion "1"]
[SourceVersionDate "2013.11.20"]
[SourceQuality "1"]

1. e4 c6 2. Nf3 d5 3. exd5 cxd5 4. Bb5+ Bd7 5. Bxd7+ Nxd7 6. d4 e6 7. Bf4 Ngf6 8. Nbd2 Be7 9. c3 0-0 10. 0-0 Rc8 11. Ne5 a6 12. Nxd7 Qxd7 13. Nf3 b5 14. Ne5 Qa7 15. a3 Qb7 16. Ng4 Nxg4 17. Qxg4 Bf6 18. Rae1 a5 19. Be5 Bxe5 20. Rxe5 b4 21. Rg5 g6 22. axb4 axb4 23. Qf3 bxc3 24. bxc3 Qb2 25. Rg3 Rc4 26. h4 Qc2 27. h5 Qf5 28. Qxf5 exf5 29. Re1 Kg7 30. hxg6 hxg6 31. Re5 Rfc8 32. Rxf5 Rxc3 33. Rxc3 Rxc3 34. Rxd5 Rc2 35. Kh2 Rc3 36. f3 Kf6 37. Kg3 Rd3 38. Kf4 g5+ 39. Ke4 Rd2 40. g4 Re2+ 41. Kd3 Re1 42. Rf5+ Kg6 43. d5 Rd1+ 44. Kc4 Rc1+ 45. Kb5 Rd1 46. Kc6 Rc1+ 47. Kd7 f6 48. d6 Rd1 49. Kc6 Kf7 50. Rd5 Rc1+ 51. Kd7 Rc2 52. Rd3 Rc1 53. Re3 Rc2 54. Re7+ Kf8 55. Ke6 Rc6 56. Rb7 Rc8 57. Kxf6 1-0